Statistics for Walking Dead Ultimate Name Game

Click here to take the quiz!

General Stats

  • This quiz has been taken 197 times
    (158 since last reset)
  • The average score is 35 of 53

Answer Stats

HintAnswer% Correct
GrimesRick
100%
GrimesCarl
100%
GrimesJudith
100%
GrimesLori
100%
GreeneMaggie
99%
DixonDaryl
98%
GreeneHershel
98%
PeletierCarol
98%
DixonMerle
97%
RheeGlenn
97%
GreeneBeth
97%
PeletierEd
94%
PeletierSophia
94%
WalshShane
88%
ChamblerTara
85%
FordAbraham
84%
WilliamsSasha
83%
EspinosaRosita
81%
WilliamsTyreese
80%
PorterEugene
77%
StookeyBob
76%
JonesMorgan
73%
DouglasTheodore
73%
ChamblerLilly
70%
MonroeDeanna
69%
MonroeSpencer
69%
JonesDuane
68%
AndersonJessie
64%
BlakePhilip
63%
JennerEdwin
63%
AndersonRon
61%
AndersonSam
61%
MonroeReg
57%
ChamblerMeghan
57%
Anderson | DolgenPete
57%
SamuelsLizzie
56%
BlakePenny
54%
SamuelsMika
52%
MametMilton
51%
MonroeAiden
50%
RoviaPaul
48%
JonesJenny
47%
StokesGabriel
41%
ChamblerDavid
40%
MartinezCaesar
34%
LernerDawn
25%
JennerCandace
23%
DolgenMitch
20%
SamuelsRyan
16%
CarsonEmmett
13%
EdwardsSteven
11%
CarsonHarlan
10%

Score Distribution

Percentile by Number Answered

Percent of People with Each Score

Your Score History

You have not taken this quiz since the last reset